|
|
|
|
| LEADER |
02547nam a2200589 a 4500 |
| 001 |
nkc20112222059 |
| 003 |
CZ PrNK |
| 005 |
20120223105709.0 |
| 007 |
ta |
| 008 |
110824s2011 xr a f m 000 0 cze |
| 015 |
|
|
|a cnb002222059
|
| 020 |
|
|
|a 978-80-248-2466-6
|q (brož.) :
|c neprodejné
|
| 035 |
|
|
|a (OCoLC)761169240
|
| 040 |
|
|
|a OLA001
|b cze
|d BOA001
|d ABA001
|
| 041 |
0 |
|
|a cze
|b eng
|
| 072 |
|
7 |
|a 62
|x Technika všeobecně
|2 Konspekt
|9 19
|
| 080 |
|
|
|a 62-13
|2 MRF
|
| 080 |
|
|
|a 620.178.5
|2 MRF
|
| 080 |
|
|
|a 004.891
|2 MRF
|
| 080 |
|
|
|a (043.3)
|2 MRF
|
| 080 |
|
|
|a (048.3)
|2 MRF
|
| 100 |
1 |
|
|a Blata, Jan,
|d 1978-
|7 ola2011662435
|4 dis
|
| 245 |
1 |
0 |
|a Expertní aspekty diagnostického systému vibrací rotačních strojů =
|b Expert aspects of the vibration diagnostic system of rotating machines : autoreferát disertační práce /
|c Jan Blata
|
| 246 |
3 |
1 |
|a Expert aspects of the vibration diagnostic system of rotating machines
|
| 250 |
|
|
|a 1. vyd.
|
| 260 |
|
|
|a Ostrava :
|b VŠB - Technická univerzita Ostrava,
|c 2011
|
| 300 |
|
|
|a 52 s. :
|b il. (převážně barev.) ;
|c 21 cm
|
| 490 |
1 |
|
|a Vědecké spisy Fakulty strojní. Autoreferáty disertačních prací ;
|v sv. 184
|
| 500 |
|
|
|a Studijní program: P23 01, Strojní inženýrství
|
| 500 |
|
|
|a Studijní obor: 2302V019, Stavba výrobních strojů a zařízení
|
| 500 |
|
|
|a Autoreferát disertační práce (Ph.D.)--Vysoká škola báňská - Technická univerzita Ostrava, Fakulta strojní, 2011
|
| 500 |
|
|
|a 42 výt.
|
| 504 |
|
|
|a Obsahuje bibliografii
|
| 546 |
|
|
|a Anglické resumé
|
| 650 |
0 |
7 |
|a rotační stroje
|7 ph412815
|2 czenas
|
| 650 |
0 |
7 |
|a vibrodiagnostika
|7 ph406508
|2 czenas
|
| 650 |
0 |
7 |
|a expertní systémy
|7 ph120114
|2 czenas
|
| 650 |
0 |
9 |
|a rotary machines
|2 eczenas
|
| 650 |
0 |
9 |
|a vibrodiagnostics
|2 eczenas
|
| 650 |
0 |
9 |
|a expert systems
|2 eczenas
|
| 655 |
|
7 |
|a disertace
|7 fd132024
|2 czenas
|
| 655 |
|
7 |
|a autoreferáty
|7 fd131857
|2 czenas
|
| 655 |
|
9 |
|a dissertations
|2 eczenas
|
| 655 |
|
9 |
|a autoabstracts
|2 eczenas
|
| 710 |
2 |
|
|a Vysoká škola báňská - Technická univerzita Ostrava.
|b Strojní fakulta
|7 kn20010709395
|
| 810 |
2 |
|
|a Vysoká škola báňská - Technická univerzita Ostrava.
|b Strojní fakulta.
|t Vědecké spisy.
|p Autoreferáty disertačních prací
|0 s
|
| 910 |
2 |
|
|a BOA001
|b 2-1272.266
|
| 928 |
9 |
|
|a Vysoká škola báňská - Technická univerzita Ostrava
|
| 990 |
|
|
|a BK
|
| 995 |
|
|
|a 01
|
| 991 |
|
|
|b 201110
|c NOV
|e n
|
| 996 |
6 |
|
|b 2610489931
|c 2-1272.266
|l MZK
|r Sklad / do 1 hodiny
|n 5
|p p.v.
|w 001204594
|u 000010
|a 1
|e BOA001
|j MZK50
|s P
|